000 00494nam a2200205Ia 4500
005 20240913125525.0
008 240913s9999||||xx |||||||||||||| ||und||
020 _a0-8493-1687-1
041 _aENGLISH
082 _A003 N8
100 _aSzidarovszky,Ferenc
245 0 _aLinear Systems Theory
250 _a2nd
260 _c1998
_bCRC Press,Boca
500 _aREFERENCE
650 _aSystems
_bInformation Technology
700 _a Bahill,Terry A
942 _cREF
999 _c245724
_d245724